|
|
|
แสดงรายละเอียดบรรณานุกรม |
|
|
Brief Record
: Get Marc (ISO 2709)
: E-mail record
: |
|
|
| LEADER 00000nam 2200000uu 4500 | |||
| 001 13399128815 | |||
| 003 BCNR | |||
| 008 260522s2567||||th 000 0 tha d | |||
| 020 ^a9786164221079 | |||
| 041 ^atha | |||
| 060 4 ^aWY115^bต169 2567 | |||
| 245 00 ^aติด...ไม่ติด เตียง :^bCaregivers /^cศิริจันทร์ งาทอง และ แอน ไทยอุดม, บรรณาธิการ | |||
| 246 30 ^aกลยุทธ์หยุดติดเตียง | |||
| 246 31 ^aCaregivers | |||
| 250 ^aพิมพ์ครั้งที่ 1 | |||
| 260 ^aกรุงเทพฯ :^bวิทยาลัยพยาบาลกองทัพบก กรมแพทย์ทหารบก,^c2567 | |||
| 300 ^a136 หน้า :^bภาพประกอบสี ;^c21 ซม. | |||
| 505 0 ^aสารพันคำถามเกี่ยวกับการการเตรียมตัวในการดูแลผู้ป่วยติดเตียง -- การดูแลเรื่องอาหาร -- การดูแลสุขอนามัยส่วนบุคคล -- การดูแลเรื่องการหายใจ -- การดูแลเรื่องการขับถ่าย -- การเคลื่อนย้ายผู้ป่วย -- การบริหารร่างกายผู้ป่วย -- การดูแลบาดแผล -- ภาวะแทรกซ้อนที่พบบ่อยในผู้ป่วยติดเตียง -- การประเมินผู้ป่วยติดเตียงเบื้องต้น -- การจัดสิ่งแวดล้อมที่พักอาศัยและความปลอดภัย -- การดูแลสุขภาพใจของผู้ป่วยและผู้ดูแลเมื่อต้องติดเตียง | |||
| 650 4 ^aการดูแลผู้ป่วยระยะยาว | |||
| 650 4 ^aผู้ป่วย^xการดูแล | |||
| 700 0 ^aศิริจันทร์ งาทอง,^eบรรณาธิการ | |||
| 700 0 ^aแอน ไทยอุดม,^eบรรณาธิการ | |||
| 710 2 ^aกรมแพทย์ทหารบก. ^bวิทยาลัยพยาบาลกองทัพบก | |||
| 999 ^aบรรณารักษ์ | |||
| คุณยังไม่ได้ล็อกอิน คุณสามารถมีกิจกรรมร่วมกับเว็บไซต์ได้ แต่ต้องล็อกอินก่อน :: |
|
| สถานะ | |||||||||
| 1. | หนังสือ | WY115 ต169 2567 c.1 Barcode: 088012 | ►หนังสือทั่วไป | On Shelf | |||||
| 2. | หนังสือ | WY115 ต169 2567 c.2 Barcode: 088013 | ►หนังสือทั่วไป | On Shelf | |||||
| 3. | หนังสือ | WY115 ต169 2567 c.3 Barcode: 088014 | ►หนังสือทั่วไป | On Shelf | |||||
| 4. | หนังสือ | WY115 ต169 2567 c.4 Barcode: 088015 | ►หนังสือทั่วไป | On Shelf | |||||
| 5. | หนังสือ | WY115 ต169 2567 c.5 Barcode: 088016 | ►หนังสือทั่วไป | On Shelf | |||||
| [แสดง 5/5 รายการ] | |||||||||
| รายการใกล้เคียง หัวเรื่อง [การดูแลผู้ป่วยระยะยาว] |
BibComment |
| คอมเมนท์ทรัพยากรรายการนี้ |
|
|